LEADER 03922nam 2200589 450 001 9910790528603321 005 20200520144314.0 010 $a1-78216-373-5 035 $a(CKB)2550000001123243 035 $a(EBL)1389326 035 $a(OCoLC)858969027 035 $a(SSID)ssj0001097005 035 $a(PQKBManifestationID)11715323 035 $a(PQKBTitleCode)TC0001097005 035 $a(PQKBWorkID)11024357 035 $a(PQKB)10981873 035 $a(MiAaPQ)EBC1389326 035 $a(Au-PeEL)EBL1389326 035 $a(CaPaEBR)ebr10765885 035 $a(CaONFJC)MIL521916 035 $a(PPN)228050243 035 $a(EXLCZ)992550000001123243 100 $a20131008d2013 uy| 0 101 0 $aeng 135 $aur|n|---||||| 181 $ctxt 182 $cc 183 $acr 200 10$aExt JS 4 plugin and extension development $ea hands-on development of several Ext JS plugins and extensions /$fAbdullah Al Mohammad 210 1$aBirmingham :$cPackt Publishing,$d2013. 215 $a1 online resource (116 p.) 225 0$aCommunity experience distilled 300 $aIncludes index. 311 $a1-78216-372-7 311 $a1-299-90665-6 327 $aCover; Copyright; Credits; About the Author; About the Reviewers; www.PacktPub.com; Table of Contents; Preface; Chapter 1: Plugins and Extensions; What is a plugin?; What is an extension?; Differences between an extension and a plugin; Choosing the best option; By configuring an existing class; Creating a subclass or an extension; Creating a plugin; Building an ExtJS plugin; Building an ExtJS extension; Summary; Chapter 2: ExtJS-provided Plugins and Extensions; The MultiSelect extension; The ItemSelector extension; The TreeViewDragDrop plugin; The CheckColumn extension; The CellEditing plugin 327 $aThe RowEditing pluginThe LiveSearchGridPanel extension; Summary; Chapter 3: ExtJS Community Extensions and Plugins; The Callout extension; The SmartLegend extension; The TitleChart extension; The BoxSelect extension; The MultiDate extension; The MultiMonth extension; The MultiSelect extension; The TinyMCETextArea extension; The FilterBar plugin; The DragSelector plugin; Summary; Chapter 4: Labeled Spinner; Functional requirements; Planning and coding labeled spinner; Summary; Chapter 5: Chart Downloader; Functional requirements; Planning and coding the chart downloader; Summary 327 $aChapter 6: Grid SearchFunctional requirements; Planning and coding the grid search; Summary; Chapter 7: Input Field with Clear Button; Functional requirements; Planning and coding of the clear button; Summary; Chapter 8: Message Bar; Functional requirements; Planning and coding the message bar; Summary; Chapter 9: Intuitive Multiselect Combobox; Features of BoxSelect; Using BoxSelect; Basic configuration; Templates; Single value selection; Remote query with unknown values; Adding new records with autosuggestion; BoxSelect specific configurations; Value handling and events; Summary; Index 330 $aThis is a step-by-step tutorial that practically teaches Ext JS plugin and extension development through sample examples that increase in complexity.Ext JS 4 Plugin and Extension Development is ideal for experienced ExtJS developers who want to expand their knowledge in developing plugins and extensions. This book is also for those developers who are new to ExtJS development, with at least some knowledge on ExtJS basics. 606 $aJavaScript (Computer program language) 606 $aPlug-ins (Computer programs) 615 0$aJavaScript (Computer program language) 615 0$aPlug-ins (Computer programs) 676 $a006.76 700 $aMohammad$b Abdullah Al$01514305 801 0$bMiAaPQ 801 1$bMiAaPQ 801 2$bMiAaPQ 906 $aBOOK 912 $a9910790528603321 996 $aExt JS 4 plugin and extension development$93749292 997 $aUNINA LEADER 01607oam 2200529I 450 001 9910792314303321 005 20230808200659.0 010 $a1-351-93181-4 010 $a1-138-24779-0 010 $a1-315-25369-0 024 7 $a10.4324/9781315253695 035 $a(CKB)3710000000965382 035 $a(MiAaPQ)EBC4758744 035 $a(Au-PeEL)EBL4758744 035 $a(CaPaEBR)ebr11310933 035 $a(CaONFJC)MIL975150 035 $a(OCoLC)965778840 035 $a(OCoLC)973026479 035 $a(EXLCZ)993710000000965382 100 $a20180706e20162004 uy 0 101 0 $aeng 135 $aurcnu|||||||| 181 $2rdacontent 182 $2rdamedia 183 $2rdacarrier 200 00$aHadith $eorigins and developments /$fedited by Harald Motzki 210 1$aAbingdon, Oxon :$cRoutledge,$d2016. 215 $a1 online resource (425 pages) 225 1 $aFormation of the Classical Islamic World ;$vVolume 28 300 $aFirst published 2004 by Ashgate Publishing. 311 $a0-86078-704-4 311 $a1-351-93182-2 327 $aOrigins and transmission of the Hadith -- Origin and reliability of the Isnad -- Methods of analysing and dating Hadiths. 410 0$aFormation of the classical Islamic world ;$vVolume 28. 606 $aHadith 606 $aHadith$vCommentaries 615 0$aHadith. 615 0$aHadith 676 $a297.124 701 $aMotzki$b Harald$0658667 801 0$bMiAaPQ 801 1$bMiAaPQ 801 2$bMiAaPQ 906 $aBOOK 912 $a9910792314303321 996 $aHadith$93865782 997 $aUNINA LEADER 02948nam 2200637 450 001 9910828531703321 005 20240105231802.0 010 $a1-4426-5644-1 024 7 $a10.3138/9781442656444 035 $a(CKB)3710000000433123 035 $a(EBL)3431994 035 $a(OCoLC)929153286 035 $a(CEL)447499 035 $a(OCoLC)918588755 035 $a(CaBNVSL)kck00235790 035 $a(DE-B1597)465700 035 $a(OCoLC)944178742 035 $a(DE-B1597)9781442656444 035 $a(Au-PeEL)EBL4669449 035 $a(CaPaEBR)ebr11255982 035 $a(OCoLC)958557737 035 $a(MiAaPQ)EBC4669449 035 $a(MdBmJHUP)musev2_107067 035 $a(EXLCZ)993710000000433123 100 $a20160920h19751975 uy 0 101 0 $aeng 135 $aur|n|---||||| 181 $2rdacontent 182 $2rdamedia 183 $2rdacarrier 200 10$aN-gons /$fFriedrich Bachmann and Eckart Schmidt ; translated by Cyril W. L. Garner 210 1$aToronto, [Ontario] ;$aBuffalo, [New York] :$cUniversity of Toronto Press,$d1975. 210 4$dİ1975 215 $a1 online resource (208 p.) 225 1 $aMathematical Expositions,$x0076-5333x ;$vNumber 18 300 $aTranslation of: N-Ecke. 311 $a1-4426-5154-7 320 $aIncludes bibliographical references and index. 327 $aIntroduction -- PART I: Cyclic classes and cyclic mappings -- PART II: The main theorem -- PART III: Boolean algebras of n-gonal theory -- PART IV: Atomic decompositions -- Appendices -- List of symbols and notations. 330 $aThis book, a translation of the German volume n-Ecke, presents an elegant geometric theory which, starting from quite elementary geometrical observations, exhibits an interesting connection between geometry and fundamental ideas of modern algebra in a form that is easily accessible to the student who lacks a sophisticated background in mathematics. It stimulates geometrical thought by applying the tools of linear algebra and the algebra of polynomials to a concrete geometrical situation to reveal some rather surprising insights into the geometry of n-gons. The twelve chapters treat n-gons, classes of n-gons, and mapping of the set of n-gons into itself. Exercises are included throughout, and two appendixes, by Henner Kinder and Eckart Schmidt, provide background material on lattices and cyclotomic polynomials.(Mathematical Expositions No. 18). 410 0$aMathematical expositions ;$vNumber 18. 606 $aPolygons 606 $aSet theory 615 0$aPolygons. 615 0$aSet theory. 676 $a516/.22 700 $aBachmann$b Friedrich$f1909-1982,$01669745 702 $aSchmidt$b Eckart 702 $aGarner$b C. W. L$g(Cyril William Luther),$f1940-, 801 0$bMiAaPQ 801 1$bMiAaPQ 801 2$bMiAaPQ 906 $aBOOK 912 $a9910828531703321 996 $aN-gons$94031147 997 $aUNINA